|
|
|
|
| LEADER |
00000nab a2200000 a 4500 |
| 001 |
vtls000137889 |
| 003 |
SK-MaSNL |
| 005 |
20260304062039.0 |
| 008 |
250422c1982 xo 0 slo |
| 015 |
|
|
|a SNBRB19rr/mm-uuuuu
|
| 035 |
|
|
|a CL0147995
|
| 035 |
|
|
|a (urnnbn)urn:nbn:sk:snk:ar-00690c
|
| 035 |
|
|
|a (uuid)ad628b44-64e4-4b1f-9489-951356202d56
|
| 035 |
|
|
|a urn:nbn:sk:snk-ab84ic
|
| 040 |
|
|
|a SNKBUCL
|b slo
|c SNKBUCL
|e AACR2
|
| 041 |
0 |
|
|a slo
|
| 044 |
|
|
|a xo
|c SK
|
| 080 |
|
|
|a 80
|2 1981
|
| 080 |
|
|
|a 801
|2 1981
|
| 080 |
|
|
|a 159.9
|2 1981
|
| 100 |
1 |
|
|a Mikuš, Milan
|4 aut
|9 288370
|
| 245 |
1 |
0 |
|a Dridze, T. M.: Jazyk i sociaľnaja psichologija
|c Milan Mikuš ; Tamara Mojsejevna Dridze
|
| 650 |
0 |
7 |
|a lingvosociopsychológia
|2 snkbucl
|9 1346979
|
| 650 |
0 |
7 |
|a jazyk prirodzený
|2 snkbucl
|9 900179
|
| 655 |
|
7 |
|a články z novín a časopisov
|2 snkbucl
|9 267496
|
| 700 |
1 |
|
|a Dridze, Tamara Mojsejevna
|4 aut
|9 1346980
|
| 773 |
0 |
|
|t Jazykovedný časopis
|g Roč. 33, č. 2 (1982), s. 199-201
|
| 787 |
0 |
8 |
|i Rec.:
|a Dridze, Tamara Mojsejevna
|t Jazyk i sociaľnaja psichologija
|d Moskva : Vysšaja škola, 1980
|
| 850 |
|
|
|a Slovenská národná knižnica
|
| 852 |
|
|
|a Slovenská národná knižnica
|
| 954 |
|
|
|a odborná, vedecká literatúra pôvodná (slovenská)
|2 lita
|
| 958 |
|
|
|a article9
|
| 958 |
|
|
|a OND
|
| 958 |
|
|
|a RK
|
| 958 |
|
|
|a RU
|
| 958 |
|
|
|a EUIPO
|
| 992 |
|
|
|a RBX
|
| 999 |
|
|
|c 2736244
|d 2738174
|